1974.07.03, Polska - Niemcy (RFN) - składy - Statystyki

Ogólne statystyki
  • Ten quiz został rozwiązany 38 razy
  • Średni wynik to 12 z 26
Statystyki odpowiedzi
Kraj Pozycja Piłkarz % Poprawnych
Polska Napastnik Grzegorz Lato
97%
Niemcy (RFN) Pomocnik Gerd Müller
91%
Polska Bramkarz Jan Tomaszewski
91%
Polska Pomocnik Kazimierz Deyna
91%
Niemcy (RFN) Obrońca Franz Beckenbauer
80%
Polska Trener Kazimierz Górski
77%
Polska Obrońca Jerzy Gorgoń
74%
Polska Obrońca Władysław Żmuda
69%
Polska Napastnik Robert Gadocha
60%
Polska Pomocnik Henryk Kasperczak
54%
Niemcy (RFN) Bramkarz Sepp Maier
46%
Polska Obrońca Antoni Szymanowski
37%
Polska Napastnik Jan Domarski
37%
Polska Obrońca Adam Musiał
31%
Niemcy (RFN) Pomocnik Uli Hoeneß
26%
Niemcy (RFN) Obrońca Berti Vogts
23%
Niemcy (RFN) Obrońca Hans-Georg Schwarzenbeck
23%
Polska Pomocnik (r) Lesław Ćmikiewicz
23%
Niemcy (RFN) Obrońca Paul Breitner
23%
Niemcy (RFN) Pomocnik Wolfgang Overath
23%
Polska Pomocnik Zygmunt Maszczyk
23%
Niemcy (RFN) Pomocnik Rainer Bonhof
20%
Niemcy (RFN) Napastnik Bernd Hölzenbein
17%
Niemcy (RFN) Trener Helmut Schön
17%
Niemcy (RFN) Pomocnik Jürgen Grabowski
17%
Polska Napastnik (r) Kazimierz Kmiecik
17%
Nie znaleziono quizów pasujących do podanych kryteriów
Rozkład punktacji
Procent ludzi z każdym wynikiem
Percentyl według liczby udzielonych odpowiedzi
Twoja historia wyników
Nie rozwiązałeś tego quizu